00935nam a2200241 a 450000100060000000300080000600500170001400800410003103500190007204000260009104100080011704300120012508200280013724501090016524600370027426000510031130000270036250001570038965000280054665100200057470000590059470000400065350977BD-RjUL20211209075607.0190401s1950 enka 000 0 eng d a(BD-RjUL)51097 aBD-RjULbengcBD-RjUL aeng ae-uk-ui 223a333.70942bLAN 195004aThe land of Britain :bthe report of the Land Utilisation Survey of Britain.cedited by L. Dudley Stamp  aThe Channel Islands / by G. Dury aLondon :bGeographical Publications Ltd,c1950 a54 p. :bIll. ;c28 cm a"This report is additional to the original plan of the Land Utilisation Survey of Britain and is therefore published outside the intended nine volumes." 0aLand usezGreat Britain 0aChannel Islands1 aStamp, L. Dudleyq(Laurence Dudley),d1898-1966. , ed.1 aDury, G. H.q(George Harry),d1916-